Library Banner

The compensation handbook (Record no. 40111)

MARC details
000 -LEADER
fixed length control field 00625nam a2200205Ia 4500
001 - CONTROL NUMBER
control field 40939
005 - DATE AND TIME OF LATEST TRANSACTION
control field 20170522111708.0
008 - FIXED-LENGTH DATA ELEMENTS--GENERAL INFORMATION
fixed length control field 140424s9999 xx 000 0 und d
020 ## - INTERNATIONAL STANDARD BOOK NUMBER
International Standard Book Number 9780071496759
040 ## - CATALOGING SOURCE
Transcribing agency PK-LaUMT
082 ## - DEWEY DECIMAL CLASSIFICATION NUMBER
Classification number 658.32
Item number COM-
100 ## - MAIN ENTRY--PERSONAL NAME
Personal name Berger, Dorothy R.
245 #4 - TITLE STATEMENT
Title The compensation handbook
Remainder of title a state-of-the-art guide to compensation strategy and design
Statement of responsibility, etc Berger, Dorothy R.<>Berger, Lance A.
260 ## - PUBLICATION, DISTRIBUTION, ETC. (IMPRINT)
Place of publication, distribution, etc New York,USA:
Name of publisher, distributor, etc McGraw-Hill,
Date of publication, distribution, etc 2008
300 ## - PHYSICAL DESCRIPTION
Extent 682 p.
546 ## - LANGUAGE NOTE
Language note EN
650 ## - SUBJECT ADDED ENTRY--TOPICAL TERM
Topical term or geographic name as entry element Compensation management-Handbooks, manuals, etc.
700 ## - ADDED ENTRY--PERSONAL NAME
Personal name Berger, Lance A.
942 ## - ADDED ENTRY ELEMENTS (KOHA)
Koha item type Books
Holdings
Withdrawn status Lost status Damaged status Home library Current library Date acquired Full call number Barcode Date last seen Price effective from Koha item type
      UMT Main Campus UMT Main Campus 2014-04-24 658.32 COM- 44534 2017-09-16 2014-05-05 Books
      UMT Main Campus UMT Main Campus 2014-06-26 MRB 658.32 COM- 990003 2014-06-26 2014-06-26 Books
      UMT Main Campus UMT Main Campus 2014-06-26 MRB 658.32 COM- 990004 2014-06-26 2014-06-26 Books
      UMT Main Campus UMT Main Campus 2014-06-26 MRB 658.32 COM- 990005 2014-06-26 2014-06-26 Books
      UMT Main Campus UMT Main Campus 2014-06-26 MRB 658.32 COM- 990006 2014-06-26 2014-06-26 Books